000 00509nam a2200193 a 4500
001 1774865108584
003 YourLibrary
005 20260330153909.0
008 260330s2008##################000#0#eng##
020 _a9780195323504
082 0 4 _a361.307155
_bTHO
100 1 _aThomlison, Barbara,
_eauthor.
245 1 0 _aThe Evidence-Based Internship :
260 _bOxford University Press,
_c2008.
300 _a462 pages
650 0 _aLaw.
942 _cENGLISH
040 _aYourLibrary
_beng
_cYourLibrary
999 _c618457
_d618457